00494nam a2200145Ia 4500008004000000082001600040100002400056245003500080260004300115300000800158690002000166906001100186999001700197952013400214210210b1973 xxu||||| |||| 00| 0 eng d a300.72 WALL aWALLACE (Walter L). aLogic of science in sociology. aChicago.bAldine Publishing Co.,c1973 a139 aSocial Research a040872 c90544d90544 001040708Social ScienceaALbALcSocial Scienced2021-02-17g0.00l0o300.72 WALLp040872r2021-02-17 00:00:00w2021-02-17yBK